| 000 | 00866nam a22002651 4500 | ||
|---|---|---|---|
| 001 | 3066 | ||
| 003 | FISKH | ||
| 005 | 20240202093457.0 | ||
| 008 | 790809s1959 nyua j 000 0 eng | ||
| 010 | _a 59002529 | ||
| 020 | _a9780448089645 | ||
| 040 |
_aDLC _cDLC _dDLC _beng |
||
| 050 | 0 | 0 | _aPZ7.D644 |
| 082 | _a813.54 | ||
| 100 | 1 | _aDixon, Franklin W. | |
| 245 | 1 | 4 |
_aThe tower treasure / _cBy Franklin W. Dixon |
| 250 | _aThis edition 1987 | ||
| 260 |
_aNew York : _bGrosset & Dunlap , _c1959 |
||
| 300 |
_a180, 180 pages _billustrations ; _c20 cm. |
||
| 490 | 0 | _aHis Hardy boys mystery stories | |
| 520 | _aAfter a dying criminal confesses that his loot has been stashed "in the tower," the Hardy boys make an astonishing discovery. | ||
| 650 |
_aMystery _vJuvenile Fiction |
||
| 906 |
_a7 _bcbc _corignew _du _eocip _f19 _gy-gencatlg |
||
| 942 |
_2ddc _cBK _n0 |
||
| 999 |
_c3066 _d3066 |
||